| 000 | 00530nam a2200193Ia 4500 | ||
|---|---|---|---|
| 003 | OSt | ||
| 005 | 20250716142133.0 | ||
| 008 | 210210b1995 xxu||||| |||| 00| 0 eng d | ||
| 040 | _cAL | ||
| 041 | _aKannada | ||
| 082 | _aK894.1 SHIS | ||
| 100 |
_aSHIVAPRAKASHA (H S). _dಶಿವಪ್ರಕಾಶ (ಹೆಚ್ ಎಸ್) _9219014 |
||
| 245 |
_aSuryajala. _bಸೂರ್ಯಜಲ. |
||
| 260 |
_aSagara _bAkshara Prakashana _c1995 |
||
| 300 | _a86 | ||
| 690 |
_aKannada Poetry _9219015 |
||
| 906 | _a051815 | ||
| 942 |
_2ddc _cBK |
||
| 999 |
_c100481 _d100481 |
||